| 000 | 02065cam a22003854a 4500 | ||
|---|---|---|---|
| 001 | 13910622 | ||
| 003 | OSt | ||
| 005 | 20140310182750.0 | ||
| 008 | 050324s2005 mnu 000 0 eng | ||
| 010 | _a 2005008543 | ||
| 020 | _a0764200372 | ||
| 040 |
_aDLC _cDLC _dDLC |
||
| 042 | _apcc | ||
| 050 | 0 | 0 |
_aBV 4501.3 _b.M981 2005 |
| 082 | 0 | 0 |
_aM 248.4 _bM96 2005 |
| 100 | 1 |
_aMurray, Andrew, _d1828-1917. |
|
| 245 | 1 | 4 |
_aThe believer's call to commitment / _cMurray, Andrew |
| 250 | _a[Rev. ed.]. | ||
| 260 |
_aMinneapolis, Minn. : _bBethany House, _cc2005. |
||
| 300 |
_a139 p. ; _c18 cm. |
||
| 500 | _aFirst published in 1909 as Aids to devotion. | ||
| 500 | _a"A devotional study of Ephisians presented for today's reader"--Cover. | ||
| 505 | 0 | _aOur devotional life and commitment -- Commitment : the New Testament standard -- Commitment : the great need of the church -- Commitment and the spiritual life -- The seal of the Spirit -- The Spirit of wisdom -- The Spirit of access -- The temple of the Spirit -- The Spirit of missions -- The Spirit of power -- The unity of the Spirit -- The Spirit of unity -- Grieving the Spirit -- Being filled with the Spirit -- The sword of the Spirit -- The Spirit of prayer -- Ephesians in review -- Because of unbelief -- All things are possible with God -- To Him be glory. | |
| 520 | _a"Newly updated for today's reader, this devotional study of Ephesians explores how a committed Christian life begins with dependence on the Holy Spirit"--Provided by publisher. | ||
| 521 | _aCollege Students | ||
| 526 | _c1210L to 1700L | ||
| 541 | _j1 | ||
| 562 | _eFor Circulation. 1 Copy Available in the Collection | ||
| 650 | 0 |
_aSpiritual life _xChristianity. |
|
| 700 | 1 |
_aMurray, Andrew, _d1828-1917. _tAids to devotion. |
|
| 856 | 4 | 1 |
_3Table of contents _uhttp://www.loc.gov/catdir/toc/ecip0510/2005008543.html |
| 906 |
_a7 _bcbc _corignew _d1 _eecip _f20 _gy-gencatlg |
||
| 942 |
_2lcc _cBK _kM |
||
| 999 |
_c15719 _d15719 |
||